Roh kalimah tauhid

Bibliographic Details
Main Author: Muhammad Iqbal
Corporate Author: Title
Format: Book
Published: Kuala Lumpur : Darul Nu'man , 2005
Subjects:

MARC

LEADER 00000cam a2200000 7i4500
001 0000013510
005 20080117.0
008 080117
020 |a 9830460096 
090 0 0 |a 297.211   |b MUH 
100 0 |a Muhammad Iqbal 
245 1 0 |a Roh kalimah tauhid   |c Muhammad Iqbal 
260 |a Kuala Lumpur :   |b Darul Nu'man ,   |c 2005 
650 0 |a Islam (Faith) 
650 0 |a Islam   |x Doctrines 
710 0 |a Title 
999 |a 0000796656   |b Book   |c Adult Collection   |e Cawangan Segamat 
999 |a 0000811110   |b Book   |c Adult Collection   |e Cawangan Bandar Penawar 
999 |a 0000818418   |b Book   |c Adult Collection   |e Cawangan Mersing 
999 |a 0001006545   |b Book   |c Adult Collection   |e Perbadanan Perpustakaan Awam Johor 
999 |a 0001006546   |b Book   |c Adult Collection   |e Perbadanan Perpustakaan Awam Johor 
999 |a 0001006547   |b Book   |c Adult Collection   |e Perbadanan Perpustakaan Awam Johor 
999 |a 799483   |b Book   |c Adult Collection   |e Cawangan Pontian